=LDR 00000nam 2200000 4500 =001 INLIS000000000019370 =005 20130612114435 =008 ***********************************Ind** =035 ##$$0010-061300000019370 =041 ##$$a Ind =082 ##$$a R.346 =090 ##$$a R.346, Sup k =100 ##$$a Suparni, Niniek =245 ##$$a Kitab Undang-undang perdata, Naniek Suparni =260 ##$$a 2005 $b Jakarta =300 ##$$a xvi, 488 hlm, 21 cm =650 ##$$a Hukum Perdata =850 ##$$a NBPNMAT